000 01048nam a2200313 i 4500
999 _c200430122
_d48048
001 200430122
003 TR-AnTOB
005 20240909090310.0
007 ta
008 180703s1997 tu g 000 0 tur d
020 _a9751609348
040 _aBGZ
_beng
_erda
_cTR-AnTOB
041 0 _atur
050 _aBP188.8.T9
090 _aBP188.8.T9
_b.C86 1997
100 1 _aCunbur, Müjgân,
_d1926-
_4author
_973860
245 1 0 _aAnadolu'nun bütünleşmesinde Ahmed Yesevi'nin yeri /
_cMüjgan Cunbur.
246 3 4 _aAhmed Yesevi
264 1 _aAnkara :
_bAYK Atatürk Kültür Merkezi Başkanlığı,
_c1997.
300 _avi, 49 pages ;
_c20 cm.
336 _2 rdacontent
_atext
_btxt
337 _2 rdamedia
_aunmediated
_bn
338 _2rdacarrier
_avolume
_bnc
490 0 _aAtatürk Kültür Merkezi yayını ;
_v134.
_aTürk Kültüründen Görüntüler dizisi ;
_v27
600 0 _aI︠A︡savi, Akhmed,
_d1103-1166
_xPolitical and social views.
_957353
650 0 _aTasavvuf
_zTürkiye
_9100121
942 _2lcc
_cBK